000 00657nam a2200205Ia 4500
001 9435
003 GE_BSU
008 181216s||||||||xx |||||||||||||| ||und||
040 _cGE_BSU
080 _a821.353.1–1+821.353.1-3+821.353.1-92
100 _aმიწიშვილი,ნ.
245 _aრჩეული
245 _cრედ.გ.შაჰნაზარი.მხატვ.ვ.გიორგობიანი
260 _aთბილისი
260 _bსაბჭოთა საქართველო
260 _c1971
300 _a360გვ.1ფ.პორტრ.17სმ.
653 _aრჩეული
942 _cBK
999 _c42729
_d42729